[Event "NZL-ch op 123rd"]
[Site "Auckland"]
[Date "2016.01.02"]
[Round "1"]
[White "Forster, William"]
[Black "Kulashko, Aleksei"]
[Result "0-1"]
[WhiteElo "1975"]
[BlackElo "2341"]
[PlyCount "88"]
[EventDate "2016.01.02"]
[EventType "swiss"]
[EventRounds "9"]
[EventCountry "NZL"]
[SourceTitle "CBM 170 Extra"]
[Source "ChessBase"]
[SourceDate "2016.02.25"]
[SourceVersion "1"]
[SourceVersionDate "2016.02.25"]
[SourceQuality "1"]

1. d4 g6 2. c4 Bg7 3. e4 c5 4. d5 d6 5. Nc3 Nf6 6. Bd3 0-0 7. h3 Na6 8. Nf3 Nc7 9. 0-0 a6 10. Re1 Rb8 11. a4 e5 12. Bg5 h6 13. Be3 Kh8 14. g4 Ng8 15. Qc2 Bd7 16. Kg2 Qc8 17. Rg1 Bxg4 18. hxg4 Qxg4+ 19. Kh2 Qxf3 20. Rg3 Qf6 21. Rag1 Qe7 22. Qc1 Ne8 23. Rh3 Nef6 24. Rg2 Qd7 25. Qg1 h5 26. Be2 Bh6 27. Bg5 Bxg5 28. Rxg5 Kg7 29. Bxh5 Nxh5 30. Rgxh5 Nf6 31. R5h4 Rh8 32. Qg5 Rxh4 33. Qxh4 Qxh3+ 34. Kxh3 Rh8 35. Qxh8+ Kxh8 36. a5 Kg7 37. f3 Nh5 38. Ne2 f5 39. b3 Kf6 40. Kh4 fxe4 41. fxe4 Nf4 42. Nc1 Ng2+ 43. Kg3 Ne3 44. Nd3 Nf1+ 0-1

[Event "Auckland North Shore op 42nd"]
[Site "Auckland"]
[Date "2015.09.19"]
[Round "3"]
[White "Morrell, Gordon"]
[Black "Kulashko, Aleksei"]
[Result "1/2-1/2"]
[WhiteElo "2119"]
[BlackElo "2349"]
[PlyCount "47"]
[EventDate "2015.09.19"]
[EventType "swiss"]
[EventRounds "5"]
[EventCountry "NZL"]
[SourceTitle "EXT 2016"]
[Source "ChessBase"]
[SourceDate "2015.10.08"]
[SourceVersion "1"]
[SourceVersionDate "2015.10.08"]
[SourceQuality "1"]

1. d4 Nf6 2. c4 c5 3. e3 g6 4. Nc3 Bg7 5. Nf3 0-0 6. Be2 cxd4 7. exd4 d5 8. 0-0 Nc6 9. h3 Bf5 10. a3 Rc8 11. Re1 Na5 12. c5 Ne4 13. Bf4 Nxc3 14. bxc3 Nc4 15. Bxc4 dxc4 16. Qe2 Qd5 17. Qxe7 Bxh3 18. Qh4 Bd7 19. Bd6 Rfe8 20. Ne5 Bc6 21. f3 h6 22. Ng4 h5 23. Nf6+ Bxf6 24. Qxf6 1/2-1/2